000 01262nam a22003377a 4500
003 CHAP
005 20220329143058.0
008 060131d2005 mx a d rs 10010 spa d
010 _a91615
011 _a92587
035 _a103152
040 _cCHAP
082 0 4 _a517.5
_bF6 2004
111 2 _aForo Nacional de Estadística
_n(19
_d: 2004
_c: Monterrey, N. L.)
_942487
245 1 0 _aMemorias/por Asociación Mexicana de Estadística
260 _aAguascalientes, Ags. :
_bInstituto Nacional de Estadística, Geografía e Informática ,
_c2005
300 _a207 p. :
_bilus. ; gráfs. ; cuadros ; tablas
590 _aBATCH-UPD
_b10
_c20130110
_lUCH01
_h0831
590 _aBATCH-UPD
_b10
_c20130410
_lUCH01
_h0509
590 _aBATCH-UPD
_b10
_c20130914
_lUCH01
_h0424
590 _aBATCH-UPD
_b10
_c20130914
_lUCH01
_h2137
590 _aCONVERSION
_b10
_c20130109
_lUCH01
_h1351
650 1 4 _aEstadística
_xCongresos.
_938245
710 0 2 _aAsociación Mexicana de Estadística.
_98045
710 2 2 _aInstituto Nacional de Estadística, Geografía e Informática. México.
_959304
901 _aBK
905 _aMarco A. Mendoza T.
911 _aCustodia
942 _cLIBRO
949 _a517.5 F6 2004
_bBC
_cINEGI
_d33724000998712
_eINEGI
_gDonaciØn
_h107651
_i103152
_sb
999 _c91615
_d91615